00514pab a2200145 454500008004000000100002900040245015900069260000900228300001500237362000800252650002600260650001800286650001300304773005100317180718b2017 xxu||||| |||| 00| 0 eng d aStaniok, Camilla Denager aPerformance implications of public managers' goal prioritization: an empirical test of the link between internal management and organizational performance c2017 ap.918-929. aNov aPerformance appraisal aOrganizations aManagers aInternational Journal of Public Administration